000 00444nam a2200181Ia 4500
001 10330
005 20260306161824.0
008 260306t1961||||xx |||||||||||||| ||spa||
041 _aESP
082 _a920.02
_bCH557
100 _aChirinos Soto, Enrique
_eAUT
245 0 _aActores en el drama del Perú y del mundo
260 _c1961
300 _a253 páginas :
_c17 cm.
650 _aGEN
654 _aCHU
942 _cLIB
_dJUS
_fJUS
_2ddc
_n
999 _c10330
_d10330